[Event "Espalion op 3rd"]
[Site "Espalion"]
[Date "2018.07.21"]
[Round "9"]
[White "Carno, Matthias"]
[Black "Kosten Forintos, Gyongyver"]
[Result "1-0"]
[WhiteElo "1783"]
[BlackElo "1685"]
[PlyCount "97"]
[EventDate "2018.07.14"]
[EventType "swiss"]
[EventRounds "9"]
[EventCountry "FRA"]
[SourceTitle "CBM 185 Extra"]
[Source "ChessBase"]
[SourceDate "2018.07.29"]
[SourceVersion "1"]
[SourceVersionDate "2018.07.29"]
[SourceQuality "1"]

1. e4 d5 2. exd5 Qxd5 3. Nc3 Qa5 4. Nf3 c6 5. d4 Bg4 6. Be2 Nf6 7. Bd2 Qc7 8. 0-0 e6 9. Ne5 Bxe2 10. Qxe2 Nbd7 11. Bf4 Bd6 12. Rfe1 0-0 13. Rad1 Nd5 14. Bg3 Nxc3 15. bxc3 Nxe5 16. Bxe5 Bxe5 17. Qxe5 Qxe5 18. Rxe5 Rfd8 19. f4 g6 20. c4 b6 21. g4 c5 22. d5 exd5 23. cxd5 c4 24. Kf2 Rd6 25. Ke3 Rad8 26. g5 f6 27. gxf6 Rxf6 28. Re7 a6 29. a4 Rfd6 30. Ke4 b5 31. axb5 axb5 32. Rb7 Re8+ 33. Kf3 Rf8 34. Rxb5 g5 35. Rd4 Rxf4+ 36. Rxf4 gxf4 37. Kxf4 Rf6+ 38. Ke5 Rf2 39. d6 Re2+ 40. Kf6 Rf2+ 41. Ke7 Rxc2 42. Rg5+ Kh8 43. d7 Re2+ 44. Kd6 Rd2+ 45. Rd5 c3 46. d8Q+ Kg7 47. Qe7+ Kg6 48. Qg5+ Kf7 49. Rxd2 1-0

[Event "Espalion op 3rd"]
[Site "Espalion"]
[Date "2018.07.18"]
[Round "6"]
[White "Tholey, Jean Paul"]
[Black "Carno, Matthias"]
[Result "1-0"]
[WhiteElo "1815"]
[BlackElo "1783"]
[PlyCount "55"]
[EventDate "2018.07.14"]
[EventType "swiss"]
[EventRounds "9"]
[EventCountry "FRA"]
[SourceTitle "CBM 185 Extra"]
[Source "ChessBase"]
[SourceDate "2018.07.29"]
[SourceVersion "1"]
[SourceVersionDate "2018.07.29"]
[SourceQuality "1"]

1. d4 g6 2. c4 Bg7 3. Nc3 d6 4. e4 Nf6 5. f3 0-0 6. Be3 Nc6 7. Nge2 e5 8. Qd2 exd4 9. Nxd4 Nxd4 10. Bxd4 Nd7 11. Be2 Re8 12. 0-0 Ne5 13. Rfd1 Nc6 14. Bxg7 Kxg7 15. Qf4 Ne5 16. c5 Qe7 17. cxd6 cxd6 18. Nd5 Qd8 19. Rac1 Rf8 20. Nc7 Rb8 21. Nb5 Qb6+ 22. Kh1 Rd8 23. Rxd6 Rxd6 24. Qxe5+ Rf6 25. Qxb8 Qf2 26. Nc3 Rc6 27. Qg3 Qe3 28. Qe1 1-0

[Event "Espalion op 3rd"]
[Site "Espalion"]
[Date "2018.07.17"]
[Round "5"]
[White "Carno, Matthias"]
[Black "Rabier, Jean"]
[Result "1-0"]
[WhiteElo "1783"]
[BlackElo "1732"]
[PlyCount "49"]
[EventDate "2018.07.14"]
[EventType "swiss"]
[EventRounds "9"]
[EventCountry "FRA"]
[SourceTitle "CBM 185 Extra"]
[Source "ChessBase"]
[SourceDate "2018.07.29"]
[SourceVersion "1"]
[SourceVersionDate "2018.07.29"]
[SourceQuality "1"]

1. e4 c5 2. Nc3 Nc6 3. f4 d6 4. Nf3 g6 5. d3 Bg7 6. Be2 e6 7. Be3 b6 8. Qd2 Nge7 9. h4 h5 10. d4 cxd4 11. Nxd4 Nxd4 12. Bxd4 e5 13. Be3 0-0 14. 0-0-0 d5 15. Nxd5 Be6 16. g4 Bxg4 17. Bxg4 hxg4 18. h5 Nxd5 19. exd5 exf4 20. Bxf4 Qf6 21. c3 Rfc8 22. d6 Qe6 23. hxg6 Qxa2 24. gxf7+ Kf8 25. Bh6 1-0

[Event "Espalion op 3rd"]
[Site "Espalion"]
[Date "2018.07.16"]
[Round "3"]
[White "Carno, Matthias"]
[Black "Pass, Deborah"]
[Result "0-1"]
[WhiteElo "1783"]
[BlackElo "1951"]
[PlyCount "52"]
[EventDate "2018.07.14"]
[EventType "swiss"]
[EventRounds "9"]
[EventCountry "FRA"]
[SourceTitle "CBM 185 Extra"]
[Source "ChessBase"]
[SourceDate "2018.07.29"]
[SourceVersion "1"]
[SourceVersionDate "2018.07.29"]
[SourceQuality "1"]

1. e4 d5 2. exd5 Nf6 3. Bb5+ Nbd7 4. c4 a6 5. Bxd7+ Bxd7 6. Nc3 e6 7. dxe6 Bxe6 8. d3 Bd6 9. Nge2 0-0 10. Bf4 Re8 11. 0-0 Bg4 12. f3 Bxf4 13. Nxf4 Qd4+ 14. Kh1 Qxf4 15. fxg4 Qxg4 16. Qd2 Rad8 17. Rad1 b5 18. cxb5 axb5 19. Rf4 Rxd3 20. Qxd3 Qxf4 21. Qxb5 Qe3 22. Rf1 h6 23. Qf5 Re5 24. Qc8+ Kh7 25. Qxc7 Qf2 26. Qc4 Re1 0-1

[Event "Espalion op 3rd"]
[Site "Espalion"]
[Date "2018.07.15"]
[Round "2"]
[White "Carton, Patrick"]
[Black "Carno, Matthias"]
[Result "1/2-1/2"]
[WhiteElo "2189"]
[BlackElo "1783"]
[PlyCount "58"]
[EventDate "2018.07.14"]
[EventType "swiss"]
[EventRounds "9"]
[EventCountry "FRA"]
[SourceTitle "CBM 185 Extra"]
[Source "ChessBase"]
[SourceDate "2018.07.29"]
[SourceVersion "1"]
[SourceVersionDate "2018.07.29"]
[SourceQuality "1"]

1. e4 d5 2. exd5 Nf6 3. Nf3 Nxd5 4. h3 Bf5 5. c3 Nb6 6. d4 e6 7. a4 Be7 8. Be2 0-0 9. 0-0 c5 10. Nbd2 Nc6 11. dxc5 Bxc5 12. Nb3 Bd6 13. Nfd4 Nxd4 14. Nxd4 Be4 15. Bf3 Bd5 16. a5 Bxf3 17. Qxf3 Nc4 18. Qxb7 Bc7 19. Nb5 Bxa5 20. Qe4 Qd5 21. Qxd5 exd5 22. b3 a6 23. bxc4 axb5 24. cxb5 Bxc3 25. Rb1 Rfb8 26. Bf4 Rb7 27. Rfd1 d4 28. Be5 Ra4 29. b6 f6 1/2-1/2

[Event "Espalion op 2nd"]
[Site "Espalion"]
[Date "2017.07.22"]
[Round "9"]
[White "Carno, Matthias"]
[Black "Labarrere, Daniel"]
[Result "1-0"]
[WhiteElo "1782"]
[BlackElo "1816"]
[PlyCount "63"]
[EventDate "2017.07.15"]
[EventType "swiss"]
[EventRounds "9"]
[EventCountry "FRA"]
[SourceTitle "CBM 179 Extra"]
[Source "ChessBase"]
[SourceDate "2017.08.23"]
[SourceVersion "1"]
[SourceVersionDate "2017.08.23"]
[SourceQuality "1"]

1. e4 d6 2. b3 Nf6 3. Nc3 c5 4. Bb2 Nc6 5. f4 g6 6. Nf3 Bg4 7. Nd5 e5 8. Nxf6+ Qxf6 9. g3 Nd4 10. Bxd4 cxd4 11. Bb5+ Bd7 12. Bxd7+ Kxd7 13. fxe5 dxe5 14. 0-0 Bc5 15. Kg2 Qe7 16. Qe2 f6 17. c3 Qd6 18. cxd4 Bxd4 19. Rac1 Bb6 20. Rc3 Ke7 21. Rfc1 Rhd8 22. R1c2 Rd7 23. Rc8 Rxc8 24. Rxc8 Rc7 25. Rh8 Ke6 26. Nh4 f5 27. exf5+ gxf5 28. Re8+ Kf6 29. Qh5 Qxd2+ 30. Kh3 Qd3 31. Qh6+ Kf7 32. Qf8# 1-0

[Event "Espalion op 2nd"]
[Site "Espalion"]
[Date "2017.07.21"]
[Round "8"]
[White "Crouzet, Emeric"]
[Black "Carno, Matthias"]
[Result "1/2-1/2"]
[WhiteElo "1950"]
[BlackElo "1782"]
[PlyCount "65"]
[EventDate "2017.07.15"]
[EventType "swiss"]
[EventRounds "9"]
[EventCountry "FRA"]
[SourceTitle "CBM 179 Extra"]
[Source "ChessBase"]
[SourceDate "2017.08.23"]
[SourceVersion "1"]
[SourceVersionDate "2017.08.23"]
[SourceQuality "1"]

1. d4 d5 2. c4 dxc4 3. e4 c5 4. d5 e6 5. Bxc4 exd5 6. Bxd5 Bd6 7. Nc3 Ne7 8. Bc4 a6 9. a4 0-0 10. f4 Ng6 11. Qf3 Nc6 12. Nge2 Nd4 13. Nxd4 cxd4 14. Nd5 Ne7 15. 0-0 Nc6 16. e5 Bc5 17. Bd3 Be6 18. Qe4 Qh4 19. g3 Qh5 20. f5 Bxd5 21. Qxd5 Ba7 22. Bd2 Rad8 23. Qe4 Rfe8 24. e6 f6 25. Rf4 Re7 26. Rh4 Qe8 27. g4 Ne5 28. g5 Qc6 29. gxf6 gxf6 30. Qxc6 bxc6 31. Be4 c5 32. Kh1 Kh8 33. Rh3 1/2-1/2

[Event "Espalion op 2nd"]
[Site "Espalion"]
[Date "2017.07.17"]
[Round "3"]
[White "Carno, Matthias"]
[Black "Desai, Nilomi"]
[Result "1/2-1/2"]
[WhiteElo "1782"]
[BlackElo "1502"]
[PlyCount "104"]
[EventDate "2017.07.15"]
[EventType "swiss"]
[EventRounds "9"]
[EventCountry "FRA"]
[SourceTitle "CBM 179 Extra"]
[Source "ChessBase"]
[SourceDate "2017.08.23"]
[SourceVersion "1"]
[SourceVersionDate "2017.08.23"]
[SourceQuality "1"]

1. e4 c6 2. d4 d5 3. exd5 cxd5 4. Nf3 Nf6 5. Be2 Nc6 6. 0-0 Bf5 7. Bd3 Bxd3 8. Qxd3 e6 9. Bf4 Qb6 10. Nc3 Be7 11. Qb5 Qxb5 12. Nxb5 0-0 13. a4 Rfd8 14. c3 a6 15. Na3 Rac8 16. Ne5 Ne4 17. Nxc6 Rxc6 18. Rfc1 Bd6 19. Bxd6 Nxd6 20. Rc2 Rdc8 21. f4 Nf5 22. Rac1 h5 23. Kf2 g6 24. g3 Kg7 25. Ke2 Kf6 26. Kf3 b6 27. h3 Ke7 28. g4 hxg4+ 29. hxg4 Nd6 30. Rh1 Nc4 31. Nb1 b5 32. axb5 axb5 33. Ke2 Nb6 34. Nd2 b4 35. Rh3 bxc3 36. Rhxc3 Rxc3 37. Rxc3 Rxc3 38. bxc3 f6 39. g5 Nc4 40. Nb3 Nd6 41. Nd2 Nc4 42. Nxc4 dxc4 43. gxf6+ Kxf6 44. Ke3 Kf5 45. Kf3 g5 46. fxg5 Kxg5 47. Ke4 Kf6 48. d5 e5 49. d6 Ke6 50. d7 Kxd7 51. Kxe5 Kc6 52. Kd4 Kb6 1/2-1/2

[Event "Espalion op 1st"]
[Site "Espalion"]
[Date "2016.07.14"]
[Round "7"]
[White "Verat Fayolle, Celian"]
[Black "Carno, Matthias"]
[Result "0-1"]
[WhiteElo "1680"]
[BlackElo "1792"]
[PlyCount "40"]
[EventDate "2016.07.09"]
[EventType "swiss"]
[EventRounds "9"]
[EventCountry "FRA"]
[SourceTitle "CBM 173 Extra"]
[Source "ChessBase"]
[SourceDate "2016.08.29"]
[SourceVersion "1"]
[SourceVersionDate "2016.08.29"]
[SourceQuality "1"]

1. e4 e5 2. Nf3 Nc6 3. Bc4 Nd4 4. 0-0 Nxf3+ 5. Qxf3 Nf6 6. d4 d6 7. dxe5 dxe5 8. Rd1 Bd6 9. Nc3 Bg4 10. Qd3 Bxd1 11. Qxd1 0-0 12. Bg5 Be7 13. Qf3 c6 14. Qg3 Nh5 15. Rd1 Nxg3 16. Rxd8 Bxd8 17. Bxd8 Nxe4 18. Be7 Rfe8 19. Nxe4 Rxe7 20. f3 Rd8 0-1

[Event "Espalion op 1st"]
[Site "Espalion"]
[Date "2016.07.10"]
[Round "2"]
[White "Carno, Matthias"]
[Black "Degraeve, Remy"]
[Result "0-1"]
[WhiteElo "1792"]
[BlackElo "2015"]
[PlyCount "58"]
[EventDate "2016.07.09"]
[EventType "swiss"]
[EventRounds "9"]
[EventCountry "FRA"]
[SourceTitle "CBM 173 Extra"]
[Source "ChessBase"]
[SourceDate "2016.08.29"]
[SourceVersion "1"]
[SourceVersionDate "2016.08.29"]
[SourceQuality "1"]

1. e4 e5 2. Nf3 Nc6 3. Bc4 Bc5 4. c3 Nf6 5. d4 exd4 6. cxd4 Bb4+ 7. Bd2 Nxe4 8. Bxb4 Nxb4 9. Bxf7+ Kxf7 10. Qb3+ Kf8 11. Qxb4+ Qe7 12. Qxe7+ Kxe7 13. Nc3 Nxc3 14. bxc3 Re8 15. Kd2 d6 16. Rhe1+ Kf8 17. Rxe8+ Kxe8 18. Re1+ Kf8 19. Ng5 Bf5 20. Ne6+ Bxe6 21. Rxe6 a5 22. a4 Re8 23. Rxe8+ Kxe8 24. d5 Ke7 25. Kd3 Kf6 26. Ke4 b5 27. c4 bxa4 28. Kd4 a3 29. Kc3 a4 0-1

[Event "St Chely d'Aubrac op 11th"]
[Site "St Chely d'Aubrac"]
[Date "2011.07.13"]
[Round "6"]
[White "Carno, Matthias"]
[Black "De Leeuw, Johannes"]
[Result "1/2-1/2"]
[WhiteElo "1921"]
[BlackElo "1827"]
[PlyCount "25"]
[EventDate "2011.07.09"]
[EventType "swiss"]
[EventRounds "7"]
[EventCountry "FRA"]
[SourceTitle "CBM 143 Extra"]
[Source "ChessBase"]
[SourceDate "2011.08.29"]
[SourceVersion "1"]
[SourceVersionDate "2011.08.29"]
[SourceQuality "1"]

1. e4 e5 2. Nf3 Nc6 3. Bc4 Be7 4. 0-0 Nf6 5. Nc3 0-0 6. d4 d6 7. dxe5 dxe5 8. h3 Qxd1 9. Rxd1 a6 10. a4 h6 11. Nd5 Bd8 12. Nxf6+ Bxf6 13. c3 1/2-1/2

[Event "St Chely d'Aubrac op 10th"]
[Site "St Chely d'Aubrac"]
[Date "2010.07.14"]
[Round "6"]
[White "Carno, Matthias"]
[Black "Tassetti, Florent"]
[Result "1-0"]
[WhiteElo "1925"]
[BlackElo "1676"]
[PlyCount "55"]
[EventDate "2010.07.10"]
[EventType "swiss"]
[EventRounds "9"]
[EventCountry "FRA"]
[SourceTitle "CBM 137 Extra"]
[Source "ChessBase"]
[SourceDate "2010.09.01"]
[SourceVersion "1"]
[SourceVersionDate "2010.09.01"]
[SourceQuality "1"]

1. e4 e5 2. Nf3 Nc6 3. Bb5 a6 4. Bxc6 dxc6 5. d4 exd4 6. Qxd4 Bg4 7. Qxd8+ Rxd8 8. Be3 Nf6 9. Nbd2 g6 10. Bg5 Be7 11. Bh6 Bxf3 12. gxf3 Bf8 13. Bxf8 Kxf8 14. 0-0-0 b5 15. Nb3 Kg7 16. Nc5 a5 17. Nb7 Ra8 18. Rd2 Rhb8 19. Nc5 b4 20. b3 Rb5 21. Nd3 a4 22. Rhd1 Kf8 23. Nf4 axb3 24. cxb3 Rc5+ 25. Kb1 Nh5 26. Nd3 Rb5 27. Rc2 c5 28. Nxc5 1-0

[Event "St Chely d'Aubrac op 10th"]
[Site "St Chely d'Aubrac"]
[Date "2010.07.12"]
[Round "3"]
[White "Villegas, Pierre"]
[Black "Carno, Matthias"]
[Result "1-0"]
[WhiteElo "2244"]
[BlackElo "1925"]
[PlyCount "77"]
[EventDate "2010.07.10"]
[EventType "swiss"]
[EventRounds "9"]
[EventCountry "FRA"]
[SourceTitle "CBM 137 Extra"]
[Source "ChessBase"]
[SourceDate "2010.09.01"]
[SourceVersion "1"]
[SourceVersionDate "2010.09.01"]
[SourceQuality "1"]

1. d4 g6 2. c4 Bg7 3. Nc3 d6 4. e4 Nf6 5. Nge2 Nc6 6. d5 Ne5 7. f4 Ned7 8. Ng3 Nc5 9. Be2 e5 10. fxe5 dxe5 11. Be3 Qe7 12. b4 Ncd7 13. c5 a6 14. 0-0 0-0 15. Rc1 c6 16. a4 Rd8 17. Qb3 h6 18. Rfd1 Nb8 19. h3 Kh7 20. b5 Nfd7 21. bxc6 bxc6 22. d6 Qf8 23. Bc4 f5 24. exf5 gxf5 25. Rf1 f4 26. Nh5 Qe8 27. Bf7 Qf8 28. Bf2 Nf6 29. Bh4 Nbd7 30. Nxf6+ Bxf6 31. Bxf6 Nxf6 32. Be6 Nd7 33. Qc2+ Kg7 34. Ne4 Nf6 35. Bxc8 Raxc8 36. Nxf6 Qxf6 37. Qe4 Kf7 38. Rb1 Ke6 39. Rb7 1-0

[Event "St Chely d'Aubrac op 10th"]
[Site "St Chely d'Aubrac"]
[Date "2010.07.10"]
[Round "1"]
[White "Grange, Emmanuel"]
[Black "Carno, Matthias"]
[Result "1/2-1/2"]
[WhiteElo "1460"]
[BlackElo "1925"]
[PlyCount "46"]
[EventDate "2010.07.10"]
[EventType "swiss"]
[EventRounds "9"]
[EventCountry "FRA"]
[SourceTitle "CBM 137 Extra"]
[Source "ChessBase"]
[SourceDate "2010.09.01"]
[SourceVersion "1"]
[SourceVersionDate "2010.09.01"]
[SourceQuality "1"]

1. e4 e5 2. Nf3 Nc6 3. Bb5 a6 4. Bxc6 dxc6 5. 0-0 Bg4 6. h3 h5 7. d3 Bxf3 8. Qxf3 Qd7 9. Be3 0-0-0 10. Nc3 Bd6 11. Ne2 Ne7 12. Qxf7 Rdf8 13. Qc4 Ng6 14. Rad1 Nf4 15. Bxf4 exf4 16. f3 g5 17. Nd4 Be5 18. Ne6 Rfg8 19. d4 b5 20. Qb3 Bd6 21. e5 Rg6 22. Nc5 Bxc5 23. dxc5 Qe6 1/2-1/2

[Event "St Chely d'Aubrac op 9th"]
[Site "St Chely d'Aubrac"]
[Date "2009.07.15"]
[Round "6"]
[White "Mayet, Lucas"]
[Black "Carno, Matthias"]
[Result "0-1"]
[WhiteElo "1757"]
[BlackElo "1951"]
[PlyCount "76"]
[EventDate "2009.07.11"]
[EventType "swiss"]
[EventRounds "9"]
[EventCountry "FRA"]
[SourceTitle "EXT 2010"]
[Source "ChessBase"]
[SourceDate "2010.11.25"]
[SourceVersion "1"]
[SourceVersionDate "2010.11.25"]
[SourceQuality "1"]

1. d4 g6 2. c4 Bg7 3. Nc3 d6 4. Nf3 Nf6 5. e4 0-0 6. Be2 e5 7. Be3 Nc6 8. 0-0 Ng4 9. Bg5 Qd7 10. d5 Ne7 11. h3 Nf6 12. Nh2 Ne8 13. Bg4 f5 14. exf5 gxf5 15. Be2 Ng6 16. Bd2 Nf6 17. Nf3 h6 18. b4 Kh7 19. Qc2 Nh5 20. Nxe5 Bxe5 21. Bxh5 Nf4 22. Bxf4 Bxf4 23. Ne2 Be5 24. Rad1 Rg8 25. f4 Qg7 26. Rf2 Bf6 27. Bf3 Bd7 28. Qd3 Rae8 29. Rff1 Kh8 30. Nd4 Qg3 31. Nxf5 Qxh3 32. Be4 Bxf5 33. Qxh3 Bxh3 34. Bf3 Bg4 35. Bxg4 Rxg4 36. Rd3 Re4 37. Rh3 Kg7 38. Ra3 Re2 0-1

[Event "St Chely d'Aubrac op 9th"]
[Site "St Chely d'Aubrac"]
[Date "2009.07.13"]
[Round "3"]
[White "Carno, Matthias"]
[Black "Manser, Lucas"]
[Result "1/2-1/2"]
[WhiteElo "1951"]
[BlackElo "1639"]
[PlyCount "92"]
[EventDate "2009.07.11"]
[EventType "swiss"]
[EventRounds "9"]
[EventCountry "FRA"]
[SourceTitle "EXT 2010"]
[Source "ChessBase"]
[SourceDate "2010.11.25"]
[SourceVersion "1"]
[SourceVersionDate "2010.11.25"]
[SourceQuality "1"]

1. e4 c6 2. f4 d5 3. exd5 cxd5 4. Nf3 Nf6 5. g3 Nc6 6. Bg2 Bf5 7. d3 g6 8. b3 Bg7 9. Bb2 0-0 10. Nc3 Rc8 11. Qd2 Re8 12. Nh4 Qd7 13. Nxf5 Qxf5 14. 0-0 Qd7 15. Ne2 e5 16. fxe5 Nxe5 17. Nd4 Nc6 18. Rae1 Rxe1 19. Rxe1 Re8 20. Rxe8+ Nxe8 21. Qf2 a6 22. Nxc6 bxc6 23. Bxg7 Nxg7 24. Qb6 Qc8 25. c4 Qe6 26. Qb8+ Ne8 27. h3 Qe1+ 28. Kh2 Qe2 29. Qa8 Kf8 30. Qxa6 Qxd3 31. Qxc6 d4 32. Qc5+ Kg8 33. Qe7 Qe3 34. Qxe3 dxe3 35. Bf3 Nd6 36. c5 Nb5 37. c6 Kf8 38. a4 Nc7 39. b4 Ke7 40. Kg2 Kd6 41. Kf1 Ne6 42. b5 Nd4 43. Bh1 f5 44. b6 Nxc6 45. Bxc6 Kxc6 46. a5 g5 1/2-1/2

[Event "St Chely d'Aubrac op 8th"]
[Site "St Chely d'Aubrac"]
[Date "2008.07.17"]
[Round "7"]
[White "Carno, Matthias"]
[Black "Messinger, Karl"]
[Result "1/2-1/2"]
[WhiteElo "1956"]
[BlackElo "1703"]
[PlyCount "89"]
[EventDate "2008.07.13"]
[EventType "swiss"]
[EventRounds "9"]
[EventCountry "FRA"]
[SourceTitle "CBM 125 Extra"]
[Source "ChessBase"]
[SourceDate "2008.09.01"]
[SourceVersion "1"]
[SourceVersionDate "2008.09.01"]
[SourceQuality "1"]

1. d4 Nf6 2. c4 e6 3. Nc3 Bb4 4. e3 0-0 5. Bd3 d6 6. Nge2 Qe7 7. 0-0 Bxc3 8. Nxc3 e5 9. Qc2 Nbd7 10. b3 h6 11. Ba3 b6 12. Ne4 Bb7 13. d5 Nxe4 14. Bxe4 Nc5 15. Bxc5 bxc5 16. g3 Bc8 17. Bf5 Qf6 18. Bxc8 Rfxc8 19. Rae1 Qg6 20. Qxg6 fxg6 21. f4 Re8 22. g4 Re7 23. f5 gxf5 24. Rxf5 Rf8 25. Kg2 Rxf5 26. gxf5 a5 27. Kg3 Kf7 28. h4 Kf6 29. e4 Re8 30. Kg4 Ra8 31. Kh5 a4 32. Re3 axb3 33. axb3 Ra3 34. Rg3 Kf7 35. Rg6 Rxb3 36. f6 gxf6 37. Rxh6 Rg3 38. Rh7+ Rg7 39. Rxg7+ Kxg7 40. Kg4 Kg6 41. h5+ Kh6 42. Kh4 Kg7 43. Kg3 Kh7 44. Kh4 Kg7 45. Kg4 1/2-1/2

[Event "St Chely d'Aubrac op 8th"]
[Site "St Chely d'Aubrac"]
[Date "2008.07.13"]
[Round "1"]
[White "Carno, Matthias"]
[Black "Causse, Michel"]
[Result "1-0"]
[WhiteElo "1956"]
[BlackElo "1380"]
[PlyCount "75"]
[EventDate "2008.07.13"]
[EventType "swiss"]
[EventRounds "9"]
[EventCountry "FRA"]
[SourceTitle "CBM 125 Extra"]
[Source "ChessBase"]
[SourceDate "2008.09.01"]
[SourceVersion "1"]
[SourceVersionDate "2008.09.01"]
[SourceQuality "1"]

1. e4 c6 2. d4 d5 3. exd5 cxd5 4. g3 Nf6 5. Bg2 Bf5 6. Nf3 Nc6 7. 0-0 e6 8. Re1 Be7 9. a3 0-0 10. b3 Re8 11. c4 b6 12. Ne5 Rc8 13. b4 Nxe5 14. dxe5 Nd7 15. cxd5 exd5 16. Bxd5 Be6 17. Bb2 b5 18. Nc3 a6 19. Qb3 Nf8 20. Rad1 Qc7 21. Ne4 Bxd5 22. Rxd5 Qc4 23. Qd1 Qc6 24. Re3 Rcd8 25. Nd6 Ne6 26. Red3 Rf8 27. Nf5 Qe8 28. Rd7 Bg5 29. f4 Rxd7 30. Rxd7 Bd8 31. Qd6 Kh8 32. Bd4 Nxd4 33. Nxd4 Bb6 34. Kf1 Bxd4 35. Qxd4 Qa8 36. Kg1 h6 37. e6 fxe6 38. Qxg7# 1-0